| 000 | 00405nam a2200169Ia 4500 | ||
|---|---|---|---|
| 008 | 230524s9999 xx 000 0 und d | ||
| 020 | _a9788120329010 | ||
| 082 |
_a621.8 _bSHA |
||
| 100 | _aC. S.Sharma | ||
| 245 | 0 | _aTheory of Mechanisms and Machines | |
| 250 | _a4 | ||
| 260 |
_aNew Delhi _bPHI _c2011 |
||
| 300 | _axi.706p: | ||
| 500 | _aQuantity Number: 10 | ||
| 650 | _aMechanics | ||
| 942 | _cBK | ||
| 999 |
_c51750 _d51750 |
||